000
00338 a2200157 4500
001
151427
040
_c
Escola São Tomás de Aquino
100
_a
ROCHA, Ruth
240
1
0
_a
Contos de Perraut
_l
por
245
1
0
_a
Contos de Perraut
300
_a
42
362
0
_a
1992
440
1
_a
FTD
697
_a
*LITERATURA INFANTO
942
_c
BK
999
_c
151427
_d
151427